<?xml version="1.0" encoding="UTF-8"?>
<collection xmlns="http://www.loc.gov/MARC21/slim">
  <record>
    <leader>00000nam  2200000   4500</leader>
    <controlfield tag="001">INLIS000000000001715</controlfield>
    <controlfield tag="005">20180724142922</controlfield>
    <controlfield tag="008">180724|||||||||   |   |||   |||| ||   | </controlfield>
    <datafield tag="035" ind1=" " ind2=" ">
      <subfield code="0">010-0718001715</subfield>
    </datafield>
    <datafield tag="041" ind1=" " ind2=" ">
      <subfield code="a">id</subfield>
    </datafield>
    <datafield tag="082" ind1=" " ind2=" ">
      <subfield code="a">R.069</subfield>
    </datafield>
    <datafield tag="090" ind1=" " ind2=" ">
      <subfield code="a">R.069 PIM I 2017</subfield>
    </datafield>
    <datafield tag="100" ind1=" " ind2=" ">
      <subfield code="a">Jusuf Darwin H.</subfield>
    </datafield>
    <datafield tag="245" ind1=" " ind2=" ">
      <subfield code="a">Pelibatan Dan Partisipasi Masyarakat Dalam Menghadapi Bencana Di Provinsi Sulawesi Barat</subfield>
    </datafield>
    <datafield tag="260" ind1=" " ind2=" ">
      <subfield code="a">Jakarta</subfield>
      <subfield code="b">LAN Jakarta</subfield>
      <subfield code="c">2016</subfield>
    </datafield>
    <datafield tag="300" ind1=" " ind2=" ">
      <subfield code="a">iv, 18 hlm., Ilus, 30 cm</subfield>
    </datafield>
    <datafield tag="500" ind1=" " ind2=" ">
      <subfield code="a">Pelaksanaan Proyek Perubahan ini memerlukan dukungan banyak pihak karena berbagai permasalahan yang timbul tidak akan mungkin dapat diselesaikan sendiri. Dukungan Pimpinan dalam pembiayaan, kesadaran masyarakat selaku objek perlu dibangun dan keterlibatan banyak pihak akan sangat banyak membantu dalam meminimalkan dampak bencana.</subfield>
    </datafield>
    <datafield tag="650" ind1=" " ind2=" ">
      <subfield code="a">Menghadapi Bencana</subfield>
    </datafield>
  </record>
</collection>
